Premier League Winners in Order - Statistics

General Stats
  • This quiz has been taken 43 times
  • The average score is 32 of 33
Answer Stats
Season Points Answer % Correct
2004/05 95 Chelsea
100%
2005/06 91 Chelsea
100%
2009/10 86 Chelsea
100%
2008/09 90 Manchester United
100%
2001/02 87 Arsenal
97%
2003/04 90 Arsenal
97%
2016/17 93 Chelsea
97%
2024/25 84 Liverpool
97%
2011/12 89 Manchester City
97%
2017/18 100 Manchester City
97%
2018/19 98 Manchester City
97%
2020/21 86 Manchester City
97%
1992/93 84 Manchester United
97%
1993/94 92 Manchester United
97%
1996/97 75 Manchester United
97%
1999/00 91 Manchester United
97%
2002/03 83 Manchester United
97%
2006/07 89 Manchester United
97%
2007/08 87 Manchester United
97%
2010/11 80 Manchester United
97%
2012/13 89 Manchester United
97%
1997/98 78 Arsenal
95%
2014/15 87 Chelsea
95%
2015/16 81 Leicester City
95%
2019/20 99 Liverpool
95%
2013/14 86 Manchester City
95%
2021/22 93 Manchester City
95%
2022/23 89 Manchester City
95%
2023/24 91 Manchester City
95%
1995/96 82 Manchester United
95%
1998/99 79 Manchester United
95%
2000/01 80 Manchester United
95%
1994/95 89 Blackburn Rovers
87%
No matching quizzes found
Score Distribution
Percent of People with Each Score
Percentile by Number Answered
Your Score History
You have not taken this quiz